Probability and Statistics with Reliability, Queuing, and Computer Science Applications (Record no. 5496)

MARC details
000 -LEADER
fixed length control field 00390nam a2200133Ia 4500
008 - FIXED-LENGTH DATA ELEMENTS--GENERAL INFORMATION
fixed length control field 191201s2012 xx 000 0 und d
100 ## - MAIN ENTRY--PERSONAL NAME
Personal name TRIVEDI, Kishor S
245 #0 - TITLE STATEMENT
Title Probability and Statistics with Reliability, Queuing, and Computer Science Applications
250 ## - EDITION STATEMENT
Edition statement Rep
260 ## - PUBLICATION, DISTRIBUTION, ETC. (IMPRINT)
Place of publication, distribution, etc N. Delhi
Name of publisher, distributor, etc Wiley Dreautech India
Date of publication, distribution, etc 2012
300 ## - PHYSICAL DESCRIPTION
Extent 830
650 ## - SUBJECT ADDED ENTRY--TOPICAL TERM
Topical term or geographic name as entry element M.Tech(CSE)
942 ## - ADDED ENTRY ELEMENTS (KOHA)
Source of classification or shelving scheme Dewey Decimal Classification
Koha item type Text Books
Holdings
Withdrawn status Lost status Source of classification or shelving scheme Damaged status Not for loan Collection code Home library Current library Date acquired Source of acquisition Cost, normal purchase price Bill Number Total Checkouts Full call number Acc. no. / Barcode Date last seen Bill Date Koha item type
    Dewey Decimal Classification     B.Tech(CSE) PIET C-LIBRARY PIET C-LIBRARY 07/09/2012 IBH, New Delhi 599.00 9983   519.2 TRP 20925 04/12/2019 31/08/2012 Text Books
    Dewey Decimal Classification     B.Tech(CSE) PIET C-LIBRARY PIET C-LIBRARY 07/09/2012 IBH, New Delhi 599.00 9983   519.2 TRP 20926 04/12/2019 31/08/2012 Text Books
    Dewey Decimal Classification     B.Tech(CSE) PIET C-LIBRARY PIET C-LIBRARY 07/09/2012 IBH, New Delhi 599.00 9983   519.2 TRP 20927 04/12/2019 31/08/2012 Text Books
    Dewey Decimal Classification     B.Tech(CSE) PIET C-LIBRARY PIET C-LIBRARY 07/09/2012 IBH, New Delhi 599.00 9983   519.2 TRP 20928 04/12/2019 31/08/2012 Text Books
    Dewey Decimal Classification     B.Tech(CSE) PIET C-LIBRARY PIET C-LIBRARY 07/09/2012 IBH, New Delhi 599.00 9983   519.2 TRP 20929 04/12/2019 31/08/2012 Text Books

Design & Developed by: PIET Central Library
R70 Miles Stone Pattikalyana Samalkha Panipat 132102
mail ID :- [email protected], Phone No:- 0180-2569700 Ex.216